ბათუმის შოთა რუსთაველის სახელმწიფო უნივერსიტეტის ბიბლიოთეკა

ინოვაციები (ბიბ.ჩანაწერი № 51319)

000 -LEADER
fixed length control field 00747nam a2200253Ia 4500
001 - CONTROL NUMBER
control field 18288
003 - CONTROL NUMBER IDENTIFIER
control field GE_BSU
008 - FIXED-LENGTH DATA ELEMENTS--GENERAL INFORMATION
fixed length control field 181216s||||||||xx |||||||||||||| ||und||
020 ## - INTERNATIONAL STANDARD BOOK NUMBER
International Standard Book Number 9789941942563
040 ## - CATALOGING SOURCE
Transcribing agency GE_BSU
080 ## - UNIVERSAL DECIMAL CLASSIFICATION NUMBER
Universal Decimal Classification number 338.2+330.34
100 ## - MAIN ENTRY--PERSONAL NAME
Personal name ქოქიაური,ლამარა. ქოქიაური,ნინო
245 ## - TITLE STATEMENT
Title ინოვაციები
245 ## - TITLE STATEMENT
Statement of responsibility, etc. რედ.მ.სხირტლაძე
260 ## - PUBLICATION, DISTRIBUTION, ETC.
Place of publication, distribution, etc. თბილისი
260 ## - PUBLICATION, DISTRIBUTION, ETC.
Name of publisher, distributor, etc. კალმოსანი
260 ## - PUBLICATION, DISTRIBUTION, ETC.
Date of publication, distribution, etc. 2015
300 ## - PHYSICAL DESCRIPTION
Extent 661გვ.28სმ.
300 ## - PHYSICAL DESCRIPTION
Accompanying material ბიბლ.გვ.655-661
653 ## - INDEX TERM--UNCONTROLLED
Uncontrolled term ეკონომიკა
653 ## - INDEX TERM--UNCONTROLLED
Uncontrolled term ინოვაციები
942 ## - ADDED ENTRY ELEMENTS (KOHA)
Koha item type წიგნი
ეგზემპლარები
Withdrawn status Lost status Damaged status Not for loan Date acquired Barcode Date last seen Price effective from Koha item type
        2018-12-17 46600 2018-12-17 2018-12-17 წიგნი
        2018-12-17 46601 2018-12-17 2018-12-17 წიგნი
        2018-12-17 46602 2018-12-17 2018-12-17 წიგნი
        2018-12-17 46603 2018-12-17 2018-12-17 წიგნი
        2018-12-17 46604 2018-12-17 2018-12-17 წიგნი
        2018-12-17 46605 2018-12-17 2018-12-17 წიგნი
        2018-12-17 46606 2018-12-17 2018-12-17 წიგნი
        2018-12-17 46607 2018-12-17 2018-12-17 წიგნი
        2018-12-17 46608 2018-12-17 2018-12-17 წიგნი
        2018-12-17 46609 2018-12-17 2018-12-17 წიგნი